[Event "Cheliabinsk-ch"]
[Site "Cheliabinsk"]
[Date "2007.02.01"]
[Round "6"]
[White "Blinov, Oleg"]
[Black "Safronov, Sergey"]
[Result "1/2-1/2"]
[WhiteElo "2243"]
[BlackElo "2257"]
[PlyCount "24"]
[EventDate "2007.01.20"]
[EventType "tourn"]
[EventRounds "9"]
[EventCountry "RUS"]
[SourceTitle "EXT 2010"]
[Source "ChessBase"]
[SourceDate "2010.11.25"]
[SourceVersion "1"]
[SourceVersionDate "2010.11.25"]
[SourceQuality "1"]

1. d4 d5 2. c4 e6 3. Nc3 Nf6 4. Bg5 Be7 5. Nf3 c6 6. cxd5 exd5 7. e3 Bf5 8. Bd3 Bxd3 9. Qxd3 0-0 10. 0-0 Nbd7 11. Rfc1 Ne4 12. Bxe7 Qxe7 1/2-1/2

[Event "Cheliabinsk-ch"]
[Site "Cheliabinsk"]
[Date "2007.01.25"]
[Round "3"]
[White "Sotnikov, Alexander I"]
[Black "Blinov, Oleg"]
[Result "1/2-1/2"]
[WhiteElo "2241"]
[BlackElo "2243"]
[PlyCount "96"]
[EventDate "2007.01.20"]
[EventType "tourn"]
[EventRounds "9"]
[EventCountry "RUS"]
[SourceTitle "EXT 2010"]
[Source "ChessBase"]
[SourceDate "2010.11.25"]
[SourceVersion "1"]
[SourceVersionDate "2010.11.25"]
[SourceQuality "1"]

1. f4 g6 2. e4 c5 3. Nf3 Bg7 4. Bc4 Nc6 5. 0-0 e6 6. Qe2 Nge7 7. a3 d5 8. Ba2 dxe4 9. Qxe4 0-0 10. d3 b6 11. Nbd2 Bb7 12. Qe2 Nf5 13. Ne4 Ncd4 14. Nxd4 Bxd4+ 15. Kh1 Qh4 16. Qe1 Rad8 17. Rb1 Bd5 18. Qxh4 Nxh4 19. Bxd5 exd5 20. Ng3 Nf5 21. Nxf5 gxf5 22. c3 Bf6 23. Bd2 Rfe8 24. Rfe1 c4 25. d4 Re4 26. Kg1 Rde8 27. Kf1 Kf8 28. b3 Rxe1+ 29. Bxe1 cxb3 30. Rxb3 Ke7 31. a4 Kd6 32. Bd2 Kc6 33. Rb1 Re4 34. Ra1 Be7 35. Kf2 a6 36. Be3 Bd6 37. g3 h5 38. Kf3 Re7 39. Ke2 Rc7 40. Kd3 Kd7 41. Rb1 Rc6 42. Bd2 Be7 43. Re1 Bd6 44. Kc2 Rc4 45. Kb3 Rc8 46. Kc2 Rc4 47. Ra1 Be7 48. Kd3 Bd6 1/2-1/2